01422nam a2200169 a 4500020002700000020003000027082001700057100002100074245002800095250001200123260003200135300001300167520094400180650003701124700002101161856007001182 a0748740686 (paperback) a9780748740680 (paperback) a541.0421 SMA1 aSmart, Lesley E.10aSolid state chemistry : a2nd ed. a[S.l.] :bCRC Press,c1995. a404 p. ; aIntended for first- and second-year undergraduates, this introduction to solid-state chemistry includes practical examples of applications and modern developments to offer students the opportunity to apply their knowledge in real-life situations. It aims to provide students with a thorough understanding of the traditional knowledge of crystal structures: lattices, unit cells, close packing, and octahedral and tetrahedral holes and their occupation by various ions in the well-known crystal structures. This descriptive work is augmented by free-electron and band theory. Links to other branches of chemistry and practical examples are emphasized, as are the links back to band theory and crystal structures. For this second edition, the book has been updated throughout and has two new chapters, one on X-ray diffraction techniques and another on solid-state preparative methods, as well as new sections on symmetry and ferroelectrics. achemistry,solid estste chemistry1 aMoore, Elaine A.40uhttp://www.amazon.com/exec/obidos/ASIN/0748740686/chopaconline-20